000 00579nam a2200217Ia 4500
005 20250718145509.0
008 008 250715s9999 xx 000 0 eng d
020 _a978-3-031-73864-7 (Hbk)
037 _aTextual
040 _aFLL
_cFLL
041 _aeng
_2eng
084 _aZ5,2674, R4
_qFLL
100 _aGORECKA Arletta
_9816034
245 0 _aInterface between competition law and data privacy law
250 _a1st
260 _bCham Springer Switzerland
_c2024
300 _axvii,229 ill
365 _b12796
942 _cTEXL
999 _c1433921
_d1433921